000 00602nam a2200157Ia 4500
008 151213s9999 xx 000 0 und d
100 _aসিরাজুল ইসলাম চেীধুরী।
245 _aঅরন্যক দৃশ্যাবলি।
_cসিরাজুল ইসলাম চেীধুরী।
250 _a১ম সং
260 _aঢাকা
_bচিত্তরঞ্জণ শাহ
_c1975
300 _a4324 p.
650 _aBangla
650 _aগল্প।
700 _aসিরাজুল ইসলাম চেীধুরী।
999 _c2738
_d2738